| 000 | 01753 a2200241 4500 | ||
|---|---|---|---|
| 001 | 59202 | ||
| 005 | 20260407155846.0 | ||
| 008 | 260407a2021 arg spa d | ||
| 003 | AR-UNSa-BCEJYS | ||
| 040 |
_aAR-UNSa-BCEJYS _bspa _cAR-UNSa-BCEJYS |
||
| 080 |
_a330.101.541 _xMacroeconomía |
||
| 245 | 1 | 0 |
_aMacroeconomía _pversión para América Latina |
| 020 | _a978-607-570-013-7 | ||
| 250 | _a7a. ed. | ||
| 264 | 1 |
_aMèxico : _bCengage Learning _c2021 |
|
| 300 |
_axxix, 498 p. _c27 cm. |
||
| 505 | _a1. Los diez principios de la economía - 2. Pensar como economista - 3. Interdependencia y ganancias del comercio - 4. Fuerzas del mercado de la oferta y la demanda - 5. Elasticidad y sus aplicaciones - 6. Oferta, demanda y políticas gubernamentales - 7. Consumidores, productores y eficiencia de los mercados - 8. Aplicación: costos de los impuestos - 9. Aplicación: Comercio internacional - 10. Medición del ingreso de una nación - 11. Medición del costo de vida - 12. Producción y crecimiento - 13. Ahorro, inversión y sistema financiero - 14. Herramientas financieras básicas - 15. Desempleo - 16. El sistema monetario - 17. Crecimiento del dinero e inflación - 18. Macroeconomía de una economía abierta: conceptos básicos - 19. Teoría macroeconómica de la economía abierta - 20. Demanda agregada y oferta agregada - 21. Cómo influyen las políticas monetaria y fiscal en la demanda agregada - 22. Disyuntiva a corto plazo entre inflación y desempleo - 23. Seis debates sobre política macroeconómica | ||
| 041 | _aspa | ||
| 942 | _cBK | ||
| 590 | _aniveau_biblio:m niveau_hierar:0 | ||
| 100 | 1 | _aMankiw, N. Gregory | |
| 856 | 4 | 1 |
_uhttps://biblioeco.unsa.edu.ar/pmb/images/libros/L129020.jpg _yImagen de portada _qimage/jpeg |
| 999 |
_c6621 _d6621 |
||